Datum a čas kvízu

35.5 Celkem bodů Celkový počet nahraných bodů na tomto kvízu bez doplňovacích otázek.
3. Pořadí na kvízu Konečné umístění týmu na tomto kvízu.

Zaznamenané odpovědi

# Otázka Odpověď Body Výsledky
1. Ve středu utekla jednomu chova... o pumě 1
2. Britský soud v pátek poslal do... C) funkční splachovací záchod 1
3. V sobotu v rámci 30. ročníku f... ostříhat vlasy 0
4. Který známý AI generátor obráz... Midjourney 0
5. Na turnaji Oktagon 72 v pražsk... Patrik Kincl; Machmud Muradov 0
6. Toto téma začneme prostě, a to... Chiméra 0
7. Termínem Jókai (Yōkai) se ozna... A 1
8. V roce 2009 byl Rodinným autem... Škoda Yeti 0
9. V této otázce bude vaším úkole... 1D 2B 3A 4C 0
10. Na závěr jedno české mytologic... Blaník 0